Online katalóg knižníc regiónu Turca

Ako to malo byť (Record no. 22209)

MARC details
000 -LEADER
fixed length control field 01249cam a2200349 a 4500
001 - CONTROL NUMBER
control field 22209
003 - CONTROL NUMBER IDENTIFIER
control field VRT
005 - DATE AND TIME OF LATEST TRANSACTION
control field 20260323133606.0
008 - FIXED-LENGTH DATA ELEMENTS--GENERAL INFORMATION
fixed length control field 160314s1994 xo 0000f slo
015 ## - NATIONAL BIBLIOGRAPHY NUMBER
National bibliography number SNBA1994/11
020 ## - INTERNATIONAL STANDARD BOOK NUMBER
International Standard Book Number 8071181242
Terms of availability 99 Sk
035 ## - SYSTEM CONTROL NUMBER
System control number SNK000019677
039 #9 - LEVEL OF BIBLIOGRAPHIC CONTROL AND CODING DETAIL [OBSOLETE]
Level of rules in bibliographic description 202202271033
Level of effort used to assign nonsubject heading access points csnk01
Level of effort used to assign subject headings 202202271021
Level of effort used to assign classification csnk01
Level of effort used to assign subject headings 202202271021
Level of effort used to assign classification csnk01
Level of effort used to assign subject headings 202202271017
Level of effort used to assign classification AUTHORITY
040 ## - CATALOGING SOURCE
Original cataloging agency SNK
Language of cataloging slo
Transcribing agency SNK
Description conventions AACR2
041 1# - LANGUAGE CODE
Language code of text/sound track or separate title slo
Language code of original eng
044 ## - COUNTRY OF PUBLISHING/PRODUCING ENTITY CODE
MARC country code xo
ISO country code SK
080 ## - UNIVERSAL DECIMAL CLASSIFICATION NUMBER
Universal Decimal Classification number 820 (73)-3
Edition identifier 1981
100 1# - MAIN ENTRY--PERSONAL NAME
Personal name Bockoven, Georgia,
Dates associated with a name 1943-
Relationship aut
240 14 - UNIFORM TITLE
Uniform title The way it should have been
Language of a work Slovensky
245 0# - TITLE STATEMENT
Title Ako to malo byť
Statement of responsibility, etc. Georgia Bockovenová ; z anglického originálu The way it should have been ... preložila Alžbeta Štofková
250 ## - EDITION STATEMENT
Edition statement 1. vyd.
260 ## - PUBLICATION, DISTRIBUTION, ETC.
Place of publication, distribution, etc. Bratislava
Name of publisher, distributor, etc. Ikar
Date of publication, distribution, etc. 1994
Place of manufacture Banská Bystrica
Manufacturer Tlačiarne BB
300 ## - PHYSICAL DESCRIPTION
Extent 255 s.
Dimensions 21 cm
655 #7 - INDEX TERM--GENRE/FORM
Genre/form data or focus term americké romány
Source of term SNKPH
700 1# - ADDED ENTRY--PERSONAL NAME
Personal name Štofková, Alžbeta
Relationship trl
910 ## - USER-OPTION DATA (OCLC)
User-option data snk
942 ## - ADDED ENTRY ELEMENTS (KOHA)
Source of classification or shelving scheme Dewey Decimal Classification
Koha item type Krásna literatúra pre dospelých
Suppress in OPAC No
949 ## - LOCAL PROCESSING INFORMATION (OCLC)
6 17A0087851
9 P60, <05>, [BOOK], {605}
a snkSC 86553 D1
949 ## - LOCAL PROCESSING INFORMATION (OCLC)
6 270001000065498
a svkbbA 86899
b svkbbm 587247
949 ## - LOCAL PROCESSING INFORMATION (OCLC)
6 273K0210550
a svkpoA 163780
b svkpo404920
o PV 4315/94
949 ## - LOCAL PROCESSING INFORMATION (OCLC)
6 3869A13276
a bpksh821.111(73)-31
b bpksh62341
Holdings
Stav vyradenia Strata Poškodenie Spôsob nadobudnutia Domovská knižnica Aktuálna knižnica Dátum nadobudnutia Total checkouts Čiarový kód exemplára Date last seen Typ exemplára
      Dar Obecná knižnica Turčianska Štiavnička Obecná knižnica Turčianska Štiavnička 23.03.2026   4738000672 23.03.2026 Krásna literatúra pre dospelých
Projekt je podporený Slovenskou asociáciou knižníc
Prevádzkuje Turčianska knižnica Martin 2026